Khám phá những bí ẩn châu Mỹ, châu Phi và châu Úc

保存先:
書誌詳細
第一著者: Lưu, Hạnh
フォーマット: 図書
言語:Undetermined
出版事項: Hà Nội Văn hóa Thông tin 2004
主題:
タグ: タグ追加
タグなし, このレコードへの初めてのタグを付けませんか!
Thư viện lưu trữ: Trung tâm Học liệu Trường Đại học Cần Thơ
LEADER 00587nam a2200193Ia 4500
001 CTU_74767
008 210402s9999 xx 000 0 und d
020 |c 27500 
082 |a 938 
082 |b H107/T.2 
100 |a Lưu, Hạnh 
245 0 |a Khám phá những bí ẩn châu Mỹ, châu Phi và châu Úc 
245 0 |c Lưu Hạnh; Nguyễn Hồng Lân biên dịch 
260 |a Hà Nội 
260 |b Văn hóa Thông tin 
260 |c 2004 
650 |a History, ancient 
904 |i Minh 
980 |a Trung tâm Học liệu Trường Đại học Cần Thơ